Miasta na historycznym Mazowszu - Statystyki

Ogólne statystyki
  • Ten quiz został rozwiązany 25 razy
  • Średni wynik to 37 z 51
Statystyki odpowiedzi
Liczba mieszkańców Województwo Miasto % Poprawnych
109 349 mazowieckie Płock
100%
65 886 mazowieckie Pruszków
100%
1 864 035 mazowieckie Warszawa
100%
41 326 mazowieckie Ciechanów
95%
52 034 mazowieckie Legionowo
95%
46 676 mazowieckie Marki
95%
45 654 mazowieckie Ząbki
95%
47 443 mazowieckie Ostrołęka
89%
43 320 mazowieckie Otwock
89%
51 584 mazowieckie Piaseczno
89%
21 353 mazowieckie Płońsk
89%
44 958 łódzkie Skierniewice
89%
59 129 podlaskie Łomża
84%
39 580 mazowieckie Mińsk Mazowiecki
84%
30 680 mazowieckie Mława
84%
16 640 mazowieckie Sierpc
84%
32 941 mazowieckie Sochaczew
84%
35 217 mazowieckie Wołomin
84%
38 306 mazowieckie Żyrardów
84%
17 274 mazowieckie Garwolin
79%
35 365 mazowieckie Grodzisk Mazowiecki
79%
16 720 mazowieckie Grójec
79%
18 943 mazowieckie Pułtusk
79%
25 429 łódzkie Łowicz
74%
28 413 mazowieckie Nowy Dwór Mazowiecki
74%
16 105 mazowieckie Przasnysz
74%
15 646 łódzkie Rawa Mazowiecka
74%
8353 mazowieckie Żuromin
74%
8731 mazowieckie Maków Mazowiecki
68%
25 743 mazowieckie Wyszków
68%
20 580 podlaskie Zambrów
68%
16 566 mazowieckie Gostynin
63%
9707 podlaskie Kolno
63%
16 719 mazowieckie Konstancin-Jeziorna
63%
40 095 *łódzkie Kutno
63%
18 190 mazowieckie Łomianki
63%
16 209 mazowieckie Ożarów Mazowiecki
63%
22 671 mazowieckie Piastów
63%
6347 mazowieckie Białobrzegi
58%
21 175 mazowieckie Józefów
58%
21 669 mazowieckie Sulejówek
58%
18 031 mazowieckie Zielonka
58%
12 177 mazowieckie Błonie
53%
12 294 mazowieckie Góra Kalwaria
53%
20 621 podlaskie Grajewo
53%
28 700 mazowieckie Kobyłka
53%
21 324 mazowieckie Ostrów Mazowiecka
53%
15 605 mazowieckie Radzymin
53%
14 664 mazowieckie Brwinów
42%
11 864 mazowieckie Warka
42%
16 300 mazowieckie Milanówek
26%
Nie znaleziono quizów pasujących do podanych kryteriów
Rozkład punktacji
Procent ludzi z każdym wynikiem
Percentyl według liczby udzielonych odpowiedzi
Twoja historia wyników
Nie rozwiązałeś tego quizu